| 000 | 00600nam a2200181Ia 4500 | ||
|---|---|---|---|
| 003 | GCL | ||
| 008 | 140319s9999 xx 000 0 ara d | ||
| 040 |
_aGCL / _cGCL |
||
| 082 | 0 | 4 |
_aق _b639.1 _bم ص |
| 100 | 1 | _aمركز تسجيل الاثار المصرية | |
| 245 | 1 | 0 |
_aالصيد فى مصر القديمة HUNTING AND FISHING IN ANCIENT EGYPT / _cمركز تسجيل الاثار المصرية |
| 490 | _a | ||
| 650 | 0 | 4 | _aالاحوال الاجتماعية |
| 650 | 0 | 4 | _aمصر القديمة |
| 650 | 0 | 4 | _aالحضارة الفرعونية |
| 650 | 0 | 4 | _aالصيد |
| 942 |
_2ddc _cBK |
||
| 999 |
_c38516 _d38516 |
||